000
00289nam a22001217a 4500
008
170504b xxu||||| |||| 00| 0 eng d
041
_a
eng
080
_2
6 ED
_a
34
100
_a
14
101
_a
SHJ
245
_a
FEDRAL JURY PRACTICE AND INSTRUCTIONS
_c
OMALLEY.K.F
942
_2
udc
_c
BK
999
_c
12665
_d
12665